Stray Kids English Lyrics Quiz - Statistics

General Stats
  • This quiz has been taken 624 times
  • The average score is 22 of 53
Answer Stats
Answer % Correct
Christmas EveL
95%
LALALALA
84%
Back Door
83%
God's Menu
82%
VENOM
78%
Chk Chk Boom
74%
Bang Chan, Hyunjin - Red Lights
70%
JJAM
68%
MEGAVERSE
68%
Thunderous
68%
Walkin On Water
68%
My Pace
65%
S-Class
65%
24 to 25
54%
Hall of Fame
54%
CIRCUS
53%
Lose My Breath (feat. Charlie Puth)
51%
Lonely St.
50%
MOUNTAINS
50%
Lee Know, Hyunjin, Felix - TASTE
47%
Youtiful
47%
ALL IN
46%
CASE 143
46%
Bang Chan, Lee Know - Drive
44%
FAM
43%
DOMINO
42%
Super Bowl
41%
TOPLINE (feat. Tiger JK)
41%
Charmer
40%
DLC
40%
Stray Kids
40%
Any
33%
Mixtape: On Track
33%
Social Path (feat, LiSA)
30%
District 9
29%
GIANT
23%
Get Cool
21%
GET LIT
21%
SUPER BOARD
21%
Easy
20%
I am YOU
20%
MANIAC
20%
Winter Falls
20%
WHY?
18%
FNF
16%
Levanter
15%
Lee Know, Changbin, Felix - Surfin'
14%
Mixtape: Time Out
11%
Double Knot
10%
TOP
10%
SLUMP
9%
THE SOUND
9%
Victory Song
7%
No matching quizzes found
Score Distribution
Percent of People with Each Score
Percentile by Number Answered
Your Score History
You have not taken this quiz